000 00655nam a22002057a 4500
005 20100730160725.0
010 _aENG-97485
020 _a9788170287933
_c125.00
020 _a8170287936
_c125.00
035 _aEN-81018
037 _bDBAD/PUB
082 _a921
100 _aJohri, Meera
_93323
245 _aParam vir chakra :
_bprofile in courage /
_cby Meera Johri
260 _aDelhi
_bRajpal and Sons
_c2010
270 _aKashmere Gate
_bDelhi
_e110006
300 _a125p.
_c21cm (pbk)
942 _2ddc
_cEN
_h921
_mJOH
999 _c38325
_d38325